LIBRARY & INFORMATION CENTRE, KCAET, TAVANUR

ONLINE PUBLIC ACCESS CATALOGUE (OPAC)

Jacobean and caroline stage: dynmic companies and players Vol.II / (Record no. 12818)

MARC details
000 -LEADER
fixed length control field 00425cam a2200145ua 4500
041 ## - LANGUAGE CODE
Language code of text/sound track or separate title eng
082 ## - DEWEY DECIMAL CLASSIFICATION NUMBER
Classification number 828.09
Item number BEN/JA
100 ## - MAIN ENTRY--AUTHOR NAME
Personal name Bentley, Gerald E .
245 ## - TITLE STATEMENT
Title Jacobean and caroline stage: dynmic companies and players Vol.II /
260 ## - PUBLICATION, DISTRIBUTION, ETC. (IMPRINT)
Place of publication London :
Name of publisher Oxford at the Clarendon Press ,
Year of publication 1961.
300 ## - PHYSICAL DESCRIPTION
Number of Pages 748 ; .
942 ## - ADDED ENTRY ELEMENTS (KOHA)
Koha item type Books
Holdings
Withdrawn status Lost status Damaged status Home library Current library Date acquired Cost, normal purchase price Full call number Accession Number Koha item type Public note
Withdrawn     KAUAET Sanskrit University 07/04/2012 22.00 828.09 6564 Books Transferred to Sanskrit University
free website counter